00366nam a2200145 a 4500001000400000003000900004008004100013040002800054082001800082100002200100245003400122260003500156300001000191650001900201679CO-ViMGA141112s2004 ck r 000 u spa d aCO-ViMGAbspacCO-ViMGA04a823.912 D877a1 aDurrell, Lawrence10aAntrobus / cLawrence Durrell aBarcelona : bTusquets, c1996 a182 p14aNOVELA INGLESA